Исследование жесткости и демпфирующих резьбовых соединений с учетом нормальных и тангенциальных контактных деформаций: диссертация на соискание ученой степени кандидата технических наук; спец. 01.02.06

Bibliografske podrobnosti
Glavni avtor: Цхай Э. Б. Эдуард Борисович
Korporativna značnica: Томский политехнический институт (ТПИ)
Jezik:ruščina
Izdano: Томск, [Б. и.], 1977
Teme:
Format: MixedMaterials Knjiga
KOHA link:https://koha.lib.tpu.ru/cgi-bin/koha/opac-detail.pl?biblionumber=182025

MARC

LEADER 00000nbm0a2200000 4500
001 182025
005 20231031171204.0
035 |a (RuTPU)RU\TPU\book\197307 
090 |a 182025 
100 |a 20100616d1977 k y0rusy50 ca 
101 0 |a rus 
102 |a RU 
105 |a a m 001zy 
200 1 |a Исследование жесткости и демпфирующих резьбовых соединений с учетом нормальных и тангенциальных контактных деформаций  |e диссертация на соискание ученой степени кандидата технических наук  |e спец. 01.02.06  |f Э. Б. Цхай  |g Томский политехнический институт (ТПИ) 
210 |a Томск  |c [Б. и.]  |d 1977 
215 |a 126 л.  |c ил. 
320 |a Библиогр.: с. 107-125 (222 назв.). 
610 1 |a резьбовые соединения 
610 1 |a жесткость 
610 1 |a демпфирующие свойства 
610 1 |a нормальные деформации 
610 1 |a тангенциальные деформации 
610 1 |a диссертации 
675 |a 621.643.4(048)  |v 3 
675 |a 539.37(048)  |v 3 
686 |a 01.02.06  |2 oksvnk 
700 1 |a Цхай  |b Э. Б.  |g Эдуард Борисович 
712 0 2 |a Томский политехнический институт (ТПИ)  |c (1944-1991)  |2 stltpush  |3 (RuTPU)RU\TPU\col\1123 
801 1 |a RU  |b 63413507  |c 20100616 
801 2 |a RU  |b 63413507  |c 20110215  |g RCR 
942 |c BK